000 00420nam a2200145Ia 4500
008 090123s9999 xx 000 0 und d
082 _b25630
245 _aनागराज और नगीना
250 _a0
260 _bराज पॉकेट बुक्स
300 _a63
630 _aनागराज और नगीना
730 _aनागराज और नगीना
942 _cBOOK
999 _c63701
_d63701